Compendio de los comentarios extendidos por el maestro Antonio Gómez a las ochenta y tres leyes de Toro

Guardat en:
Dades bibliogràfiques
Autor principal: Nolasco de Llano, Pedro (autor)
Format: Llibre
Idioma:espanyol
Publicat: Valladolid Lex Nova 1981
Matèries:
Etiquetes: Afegir etiqueta
Sense etiquetes, Sigues el primer a etiquetar aquest registre!

MARC

LEADER 00000nam a2200000 a 4500
001 UCR2405
003 CL-VaPUC
008 980112e19810000SP |||||||||||||||||spa|d
082 0 4 |a 349.46  |b NOL  |2 21 
100 |a Nolasco de Llano, Pedro  |e autor  |9 400202 
245 1 0 |a Compendio de los comentarios extendidos por el maestro Antonio Gómez a las ochenta y tres leyes de Toro 
300 |a 394 p 
942 |c BK 
945 |d 19980112 00:00:00  |a cmena 
260 |a Valladolid  |b Lex Nova  |c 1981 
600 0 7 |a GOMEZ, ANTONIO  |2 CL-VaPUC  |9 400203 
650 7 |a FUEROS  |2 CL-VaPUC  |9 255290 
650 7 |a LEGISLACION  |2 CL-VaPUC  |9 400204 
650 0 |a Normas jurídicas  |9 258310 
650 0 |a Derecho español  |9 255291 
650 7 |a FUENTES  |2 CL-VaPUC  |9 255666 
650 0 |a Historia del derecho  |9 255109 
650 0 |a Ordenamiento jurídico   |9 355371 
650 0 |a Derecho civil  |9 255013 
650 0 |a Derecho privado  |9 258243 
650 0 |a Derecho sucesorio  |9 255015 
650 0 |a Bienes  |9 255749 
650 0 |a Donación   |9 255016 
650 7 |a LEYES DE TORO  |2 CL-VaPUC  |9 400205 
651 0 |a España  |9 254926 
583 |a last modification  |c 19980112 00:00:00  |k Rodrigo Vera 
999 |c 265573  |d 265571 
952 |0 0  |1 0  |4 0  |6 349_460000000000000_NOL_1981  |7 0  |8 DER_HIS  |9 296557  |a BIBDER  |b BIBDER  |d 2019-11-20  |i 1923889  |o 349.46 NOL 1981  |p 1923889  |r 2023-01-25  |w 2019-11-20  |x Ubicación 4to Piso  |y BK  |z Estos recursos deben solicitarse con anticipación  |k DER